| 000 | 00602cam a22002291 4500 | ||
|---|---|---|---|
| 001 | ne 64003198 | ||
| 003 | DLC | ||
| 005 | 20260227111807.0 | ||
| 008 | 891004s1962 xx 000 0 ara | ||
| 010 | _ane 64003198 | ||
| 035 | _a(OCoLC)23498801 | ||
| 040 |
_aDLC _cMiU _dDLC |
||
| 042 | _apremarc | ||
| 050 | 0 | 0 |
_aDT312 _b.B54 |
| 100 | 2 | _aBin-ʻAbd Allāh, ʻAbd al-ʻAzīz. | |
| 245 | 1 | 0 | _aTāriku al-ḥaḍārah al-Maghribīyah. |
| 260 | _c1962 | ||
| 300 |
_a2 v. _billus., ports. _c25 cm. |
||
| 500 | _a# | ||
| 651 | 0 |
_aMorocco _xCivilization. |
|
| 651 | 0 |
_aMorocco _xSocial life and customs |
|
| 999 |
_c47657 _d47657 |
||